000 00475nam a2200181Ia 4500
001 16428
005 20260306170309.0
008 260306t1996||||xx |||||||||||||| ||und||
041 _aESP
082 _a348.6
_bC32
100 _aCasas de las Peñas del Corral, Amalia
_eAUT
245 0 _aManual práctico de derecho individual del trabajo
260 _c1996
300 _avarias paginaciones : :
_c21 cm.
650 _aGEN
654 _aCDE
942 _cLIB
_dJUS
_fJUS
_2ddc
_n
999 _c16428
_d16428